书目信息 |
| 题名: |
中外史地知识手册
|
|
| 作者: | 郑云山 , 臧威霆 主编 | |
| 分册: | ||
| 出版信息: | 上海 上海人民出版社 1984.11 |
|
| 页数: | 740页 | |
| 开本: | 20cm | |
| 丛书名: | ||
| 单 册: | ||
| 中图分类: | K-62 | |
| 科图分类: | ||
| 主题词: | 历史--手册 , 地理--手册 , 历史 , 地理 | |
| 电子资源: | ||
| ISBN: | ||
| 000 | 00622nam0 2200229 45 | |
| 001 | 1572857401 | |
| 005 | 20150128083440.28 | |
| 010 | @dCNY2.75 | |
| 100 | @a20031222d1984 km y0chiy0120 ea | |
| 101 | @achi | |
| 200 | 1 | @a中外史地知识手册@AZhong Wai Shi Di Zhi Shi Shou Ce@f郑云山,臧威霆主编@FZheng Yun Shan,Zang Wei Ting Zhu Bian |
| 210 | @a上海@c上海人民出版社@d1984.11 | |
| 215 | @a740页@d20cm | |
| 606 | 0 | @a历史@x手册 |
| 606 | 0 | @a地理@x手册 |
| 606 | 0 | @a历史 |
| 606 | 0 | @a地理 |
| 690 | @aK-62@v4 | |
| 701 | 0 | @a郑云山@4主编 |
| 701 | 0 | @a臧威霆@4主编 |
| 801 | @aCN@bTSTCL@c20031222 | |
| 905 | @aZUCC@dK-62@eJY33 | |
| 中外史地知识手册/郑云山,臧威霆主编.-上海:上海人民出版社,1984.11 |
| 740页;20cm |
| ISBN :CNY2.75 |
| ● |
| 相关链接 |
|
|
|
|
正题名:中外史地知识手册
索取号:K-62/JY33
 
预约/预借
| 序号 | 登录号 | 条形码 | 馆藏地/架位号 | 状态 | 备注 |
| 1 | 7839735 | 278397352 | 学院路分馆/ [索取号:K-62/JY33] | 在馆 |